000 00925nam a2200217Ia 4500
003 OSt
005 20200811124251.0
008 191128s1997 ck gr 000 0 spa d
040 _aCO-JMCR
_cCO-JMCR
041 0 _aspa
082 0 4 _a368.002 /
_bF227le
_223
110 1 _aFederación Interamericana de Empresas de Seguros
_98577
245 1 0 _aLegislación comparada de seguros en los países iberoamericanos/
_cFederación Interamericana de Empresas de Seguros
260 _aBofgotá :
_bFasecolda,
_c1997.
300 _a719 páginas ;
_c27 cm.
505 0 _aArgentina ley 17418 -- Bolivia ley de entidades aseguradoras -- Brasil -- Colombia decreto 633 de abril 2 de 1993 -- Chile Ley sobre compañías de seguros decreto ley N°. 251 -- Ecuador -- España
650 2 4 _aEntidades aseguradoras
_98578
650 2 4 _a Ley de aseguradoras
_98579
650 2 4 _aSeguros
_xLegislación
_zHispanoamérica
_98580
942 _2ddc
_cBK
999 _c5993
_d5993